Analoga̕ e interpretacin̤ en el derecho tributario

Detalles Bibliográficos
Autor principal: Siota ℓlvarez, Mn̤ica
Formato: eBook
Lenguaje:español
Publicado: Madrid: Marcial Pons, 2010
Materias:
Acceso en línea:Acceso restringido

MARC

LEADER 00000nam a22000007a 4500
005 20170207223254.0
007 cr|||| ||||
008 170207s2010 es |||||s|||| 00||0 spa d
020 |a 978-84-9123-024 
035 |a 14699 
040 |a vLex 
090 |c 6529  |d 6529 
100 1 |a Siota ℓlvarez, Mn̤ica 
245 1 0 |a Analoga̕ e interpretacin̤ en el derecho tributario  |h [Recurso electrn̤ico] /  |c Mn̤ica Siota ℓlvarez 
256 |a Servicio en ln̕ea 
260 |a Madrid:  |b Marcial Pons,  |c 2010 
300 |a 1 recurso electrn̤ico 
500 |a La presente obra constituye un estudio completo de la analoga̕ en el Derecho tributario, por el que la autora ha obtenido el Premio del Instituto de Estudios Fiscales para tesis doctorales de Derecho Financiero y Tributario del aǫ 2009. Hasta el momento, y a pesar de las diversas controversias doctrinales generadas en torno a la analoga̕, ha sido escasa la atencin̤ que se le ha prestado. Como regla general, se han aprovechado cuestiones colaterales, como su relacin̤ con el fraude a la ley o con la interpretacin̤ extensiva, para hacer un anl̀isis parcial de esta figura. Con esta monografa̕, en cambio, el lector tendr ̀la oportunidad de examinar y conocer en profundidad los distintos problemas que presenta la analoga̕, tanto desde una perspectiva ter̤ica como prc̀tica. De ah ̕que, junto a las sl̤idas aportaciones realizadas por la doctrina cientf̕ica, se revisen las resoluciones administrativas y los pronunciamientos judiciales en los que se ha abordado esta cuestin̤. La delimitacin̤ de la analoga̕ de otras realidades conexas, el anl̀isis de los fundamentos que se han utilizado tanto para aceptarla como para prohibirla, o su m̀bito de aplicacin̤ #a partir de lo dispuesto en el art. 14 de la LGT, son sl̤o algunas de las cuestiones que se examinan a lo largo de los cuatro capt̕ulos en los que se estructura la obra. 
506 1 |a Disponible solo en los productos indicados  |d vLex Global  |d vLex Global (Academic Edition, excluding Law Schools)  |d vLex Global (U.S. Academic Edition, Law Schools)  |d vLex Global (U.S. Academic Edition, excluding Law Schools)  |d vLex Global (Academic Edition, Law Schools) 
650 0 4 |a Derecho Tributario  |z Espaą 
740 0 |a vLex Libros (Servicio en ln̕ea) 
856 4 0 |u http://vlex.com/source/analogia-e-interpretacion-en-el-derecho-tributario-14699  |z Acceso restringido 
942 |c BOOK 
999 0 |a Tax Law